| 000 | 00680cam a2200205 i 4500 | ||
|---|---|---|---|
| 005 | 20251210101402.0 | ||
| 008 | 250721s1995 jo gr 000 0 ara d | ||
| 082 | 1 | 4 |
_a216,24 _bأ ش ق |
| 100 | 1 |
_aالأشقر، عمر سليمان _eمؤلف. |
|
| 245 | 1 | 0 |
_aمشمولات مصرف في سبيل الله : _bدراسة فقهية... / _cد. عمر سليمان الاشقر. |
| 250 | _aالطبعه الاولى. | ||
| 264 | 3 | 1 |
_aعمان : _bدار النفائس، _c1995. |
| 300 | _a90صفحة. | ||
| 650 | 1 | 7 | _aالزكاه. |
| 650 | 1 | 7 | _aالإسلام. |
| 650 | 1 | 7 | _aالفقه. |
| 650 | 1 | 7 | _aالعبادة. |
| 942 |
_2ddc _cBK |
||
| 999 |
_c531 _d531 |
||